[Event "Matanzas Copa Marti"]
[Site "Matanzas"]
[Date "1999.??.??"]
[Round "?"]
[White "Herrera Perez, Juventino"]
[Black "Alonso, Yosvany"]
[Result "0-1"]
[WhiteElo "2235"]
[BlackElo "2220"]
[PlyCount "96"]
[EventDate "1999.??.??"]
[EventType "tourn"]
[EventRounds "7"]
[EventCountry "CUB"]
[SourceTitle "EXT 2004"]
[Source "ChessBase"]
[SourceDate "2003.11.25"]
[SourceVersion "1"]
[SourceVersionDate "2003.11.25"]
[SourceQuality "1"]

1. e4 c5 2. Nf3 g6 3. d4 cxd4 4. Nxd4 Nc6 5. c4 Nf6 6. Nc3 Nxd4 7. Qxd4 d6 8. Be2 Bg7 9. Bg5 0-0 10. Qd2 Be6 11. Rc1 Qa5 12. 0-0 Rfc8 13. b3 a6 14. Bf3 Rab8 15. Rfe1 b5 16. Nd5 Qxd2 17. Bxd2 Kf8 18. cxb5 axb5 19. Nc7 Bd7 20. h3 Ne8 21. Na6 Ra8 22. Nb4 Bb2 23. Bh6+ Kg8 24. Rxc8 Bxc8 25. Nd5 e6 26. Rb1 Ba3 27. Ne7+ Kh8 28. Nc6 Bd7 29. Nd4 Bc5 30. Be3 Rxa2 31. b4 Bxd4 32. Bxd4+ e5 33. Bb6 Kg7 34. Rd1 Kf8 35. Bd8 Be6 36. Rd3 Bc4 37. Rc3 Ra4 38. Ba5 Ke7 39. g4 Ng7 40. Kg2 Ne6 41. Kg3 Nd4 42. g5 Nc6 43. Bb6 Rxb4 44. Bg4 Rb3 45. Rxb3 Bxb3 46. f4 Bc2 47. f5 b4 48. f6+ Ke8 0-1